000 01127nam a2200289 i 4500
001 bg
245 0 0 _aSurowce skalne :
_bkruszywa naturalne i piaski przemysłowe /
_cred. t. Krzysztof Galos ; aut. Wiesław Frankiewicz [et al.] ; Polska Akademia Nauk. Instytut Gospodarki Surowcami Mineralnymi i Energią.
260 _aKraków :
_bWydaw. IGSMiE PAN,
_c2003.
300 _a198 s. :
_bil., mapy ;
_c24 cm.
490 1 _aSurowce mineralne Polski / pod red. Romana Neya
504 _aBibliogr. przy rozdz.
650 9 _aKruszywo
_zPolska
650 9 _aPiasek
_xPolska
650 9 _aSkały
_zPolska
700 1 _aNEY, Roman
_d(1931- ).
_eRed.
700 1 _aGALOS, Krzysztof.
_eRed.
700 1 _aFRANKIEWICZ, Wiesław
830 0 _aSurowce mineralne Polski (pod red. Romana Neya)
020 _a8389174073
040 _cBPK
041 0 _apol
080 _a553.5/.6:622.36](438)
920 _a83-89174-07-3
942 _cKS
008 s pl f |000 0 pol
999 _c44709
_d44709
856 _uhttp://koha.tu.koszalin.pl/cgi-bin/koha/opac-detail.pl?biblionumber=44709
_yKatalog online BPK